| 000 | 00754nam a2200193 i 4500 | ||
|---|---|---|---|
| 001 | 69703 | ||
| 003 | ES-MaACL | ||
| 005 | 20250821063029.0 | ||
| 007 | t| | ||
| 008 | 040709s1955 sp ||||1| spa d | ||
| 100 | 0 |
_aGarcía y García, Segundo, _cArcipestre de Lagunilla _955436 |
|
| 245 | 1 | 0 |
_aFlores de mi tierra : _bhistoria, costumbres y leyendas de Ahigal / _cpor Segundo García y García, Arcipestre de Lagunilla. |
| 260 |
_aCáceres : _bSeminarios de la Jefatura Provincial del Movimiento, _c[1955] ( _fTip. Extremadura) |
||
| 300 |
_a131 p., 2 lám. : _bil. ; _c21 cm. |
||
| 651 | 4 |
_aCáceres (Provincia)- _xHistoria. _9153481 |
|
| 710 | 2 |
_aMovimiento Nacional (España) _95776 |
|
| 852 |
_aES-MaACL _jC-13627 |
||
| 999 |
_c69703 _d69703 |
||